Dar a tajomstvo päťdesiat rokov môjho kňazstva

Osobné svedectvo pápeža o svojej päťdesiatročnej kňazskej dráhe.

Bibliographic Details
Main Author: Ján Pavol II., pápež, 1920-2005 (Author)
Other Authors: Lejko, Peter, 1947- (Narrator)
Format: CD Audio
Language:Slovak
Italian
PhysicalDescription:1 elektronický optický disk (CD-ROM) digitálny, MP3 12cm
Published: Levoča Slovenská knižnica pre nevidiacich Mateja Hrebendu 2020
ISBN:9788018090497
Subjects:

MARC

LEADER 00000nim a2200000 a 4500
001 vtls011980426
003 SK-MaSNL
005 20260301225833.0
007 sd fungnnmmned
008 200708s2020 xo nnnnfs f n slo
015 |a SNBJ2023 
020 |a 9788018090497  |q (CD-ROM) 
040 |a SNK  |b slo  |c SNK  |e AACR2 
041 1 |a slo  |h ita 
044 |a xo  |c SK 
072 7 |a 929  |x Biografie  |2 konspekt 
080 |a 27-732.2-051  |2 2011 
080 |a 929-055.1  |2 2001 
080 |a (086.7)  |2 2011 
080 |a (092)  |2 2011 
100 0 |a Ján Pavol  |b II.,  |c pápež,  |d 1920-2005  |4 aut  |9 106999 
245 1 0 |a Dar a tajomstvo  |h elektronický zdroj  |b päťdesiat rokov môjho kňazstva  |c Ján Pavol II ; číta: Peter Lejko 
260 |a Levoča  |b Slovenská knižnica pre nevidiacich Mateja Hrebendu  |c 2020 
300 |a 1 elektronický optický disk (CD-ROM)  |b digitálny, MP3  |c 12cm 
306 |a 030000 
520 8 |a Osobné svedectvo pápeža o svojej päťdesiatročnej kňazskej dráhe. 
521 |a Pre nevidiacich, slabozrakých a inak zdravotne postihnutých 
600 0 7 |a Ján Pavol  |b II.,  |c pápež,  |d 1920-2005  |2 SNKMA  |9 106999 
650 0 7 |a pápeži  |2 SNKPH  |9 1971 
650 0 7 |a významní muži  |2 SNKPH  |9 106011 
655 7 |a zvukové záznamy  |2 SNKPH  |9 70720 
655 7 |a autobiografie  |2 SNKPH  |9 70280 
700 1 |a Lejko, Peter,  |d 1947-  |4 nrt  |9 303227 
919 |a 978-80-18-09049-7 
958 |a SX 
999 |c 952459  |d 954389 
952 |a SNK  |b SNK  |y PREZ  |7 0  |p 17A1471337  |o snkSCD 5812  |i snk2021/3233  |8 0  |0 0  |1 0  |4 0  |d 2022-01-14  |l 0  |r 2026-02-24 09:53:07  |w 2026-02-24